Ako získať konkurenčnú výhodu vo verejnom obstarávaní

Certifikáty projektových manažérov, ktoré si vyžadujú aby verejný obstarávateľ mal doklad o overení odbornej spôsobilosti projektového manažéra, ktorý bude hospodáriť s investíciami vyčlenenými na projekt.

Gespeichert in:
Bibliographische Detailangaben
1. Verfasser: Všetečka, Petr
Format: Buchkapitel
Sprache:Slowakisch
Schlagworte:
Tags: Tag hinzufügen
Keine Tags, Fügen Sie das erste Tag hinzu!

MARC

LEADER 00000naa a2200000 4500
001 0149751
005 20230912101630.0
041 0 |a slo 
044 |a SK 
245 1 0 |a Ako získať konkurenčnú výhodu vo verejnom obstarávaní  |c Petr Všetečka 
520 |a Certifikáty projektových manažérov, ktoré si vyžadujú aby verejný obstarávateľ mal doklad o overení odbornej spôsobilosti projektového manažéra, ktorý bude hospodáriť s investíciami vyčlenenými na projekt. 
610 2 0 |a manažéri 
610 2 0 |a riadenie projektové 
610 2 0 |a riadenie finančné 
610 2 0 |a obstarávanie verejné 
610 2 0 |a projekty 
610 2 0 |a certifikáty 
100 1 |a Všetečka, Petr